00307nam a2200121Ia 4500008004100000082001600041100001900057245003700076250000800113260003200121300001000153650002200163150201s2005 xx 000 0 und d a614.1bT05S aSINGHAL , S.K. aSINGHAL TOXICOLOGY : AT A GLANCE a6TH bNATIONAL BOOKaMUMBAIc2005 a1-143 aFORENSIC MEDICINE